promoting women participation in agricultural development in treang and koh andeth district, takeo province, ការលើកកម្ពស់ការចូលរួមរបស់ស្រ្តីនៅក្នុងការអភិវឌ្ឍវ ស័យកសិកម្ម នៅស្រុកទ្រាំង និងស្រុកកោះអណ្តែត ខេត្តតាកែវ (Record no. 19242)
[ view plain ]
| 000 -LEADER | |
|---|---|
| fixed length control field | 00809nam a22001577a 4500 |
| 003 - CONTROL NUMBER IDENTIFIER | |
| control field | LRUA |
| 005 - DATE AND TIME OF LATEST TRANSACTION | |
| control field | 20200706111753.0 |
| 008 - FIXED-LENGTH DATA ELEMENTS--GENERAL INFORMATION | |
| fixed length control field | 200706b xxu||||| |||| 00| 0 eng d |
| 040 ## - CATALOGING SOURCE | |
| Transcribing agency | RUA |
| 082 ## - DEWEY DECIMAL CLASSIFICATION NUMBER | |
| Classification number | MGR OUK 2017 B469 Or.1 |
| 100 ## - MAIN ENTRY--PERSONAL NAME | |
| 9 (RLIN) | 14267 |
| Personal name | OUKSOCHEAT,អ៊ូក សុជាតិ |
| 245 ## - TITLE STATEMENT | |
| Title | promoting women participation in agricultural development in treang and koh andeth district, takeo province, ការលើកកម្ពស់ការចូលរួមរបស់ស្រ្តីនៅក្នុងការអភិវឌ្ឍវ ស័យកសិកម្ម នៅស្រុកទ្រាំង និងស្រុកកោះអណ្តែត ខេត្តតាកែវ |
| 260 ## - PUBLICATION, DISTRIBUTION, ETC. (IMPRINT) | |
| Place of publication, distribution, etc. | RUA |
| Name of publisher, distributor, etc. | phnom penh |
| Date of publication, distribution, etc. | 2017 |
| 300 ## - PHYSICAL DESCRIPTION | |
| Extent | xii;61p; |
| Other physical details | ill; |
| Dimensions | 29cm; |
| 942 ## - ADDED ENTRY ELEMENTS (KOHA) | |
| Source of classification or shelving scheme | |
| Koha item type | MGR |
| Price effective from | Date last seen | Permanent Location | Not for loan | Date acquired | Source of classification or shelving scheme | Koha item type | Lost status | Withdrawn status | Total Renewals | Date last checked out | Total Checkouts | Shelving location | Damaged status | Barcode | Current Location | Full call number |
|---|---|---|---|---|---|---|---|---|---|---|---|---|---|---|---|---|
| 2020-07-06 | 2026-02-23 | Library Block B | 2020-07-06 | MGR | 1 | 2026-01-02 | 8 | B469 | A43299 | Library Block B | MGR OUK 2017 B469 Or.1 | |||||
| 2020-07-06 | 2023-02-24 | Library Block B | 2020-07-06 | MGR | 2023-02-01 | 2 | B469 | A42594 | Library Block B | MGR OUK 2017 B469 Or.2 | ||||||
| 2020-07-06 | 2022-09-21 | Library Block B | 2020-07-06 | MGR | 2022-09-02 | 7 | B469 | A43011 | Library Block B | MGR OUK 2017 B469 Or.3 | ||||||
| 2020-07-06 | 2020-07-06 | Library Block B | 2020-07-06 | MGR | B469 | A42701 | Library Block B | MGR OUK 2017 B469 Or.4 | ||||||||
| 2020-07-06 | 2020-07-06 | Library Block B | 2020-07-06 | MGR | B469 | A43562 | Library Block B | MGR OUK 2017 B469 Or.5 | ||||||||
| 2020-07-06 | 2020-07-06 | Library Block B | 2020-07-06 | MGR | B469 | A42846 | Library Block B | MGR OUK 2017 B469 Or.6 |